=LDR 00000nam 2200000 4500 =001 INLIS000000000004781 =005 20130612093044 =008 ***********************************Ind** =035 ##$$0010-061300000004781 =041 ##$$a Ind =082 ##$$a 784.624 =090 ##$$a 784.624, Sri p =100 ##$$a SRI RUSMINING, Estu =245 ##$$a Parisuka: Roncenan gending-gending dolanan / Estu Sri Rusmining. -- Cet.1. -- =260 ##$$a 1995 $b Solo : Aneka =300 ##$$a 52 hlm. : ilus. ; 21 cm =650 ##$$a NYANYIAN KANAK-KANAK =850 ##$$a NBPNMAT